Predčistenie odpadových vôd z cirkevného centra

Guardado en:
Detalles Bibliográficos
Autor principal: Michale, Martin, 1989- (Autor)
Otros Autores: Peráčková, Jana, 1961- (Orientador)
Formato: Manuscrito Libro
Lenguaje:eslovaco
Publicado: Bratislava : STU v Bratislave SvF, 2013
Materias:
Acceso en línea:VAIS
Etiquetas: Agregar Etiqueta
Sin Etiquetas, Sea el primero en etiquetar este registro!

MARC

LEADER 00000ntm a22000003a 4500
001 stu271358
005 20150617230233.5
008 130719s2013----xo------------------slo-d
040 |a STU  |b slo 
041 0 |a slo 
044 |a xo 
100 1 |a Michale, Martin,  |d 1989-  |4 aut  |u V  |T SvF Stavebná fakulta  |X 58535  |U V  |Y 10  |7 A000058535 
242 0 0 |a The Pretreatment Process of Wastewater in Ecclesiastical Centre  |y eng 
245 1 |a Predčistenie odpadových vôd z cirkevného centra 
260 |a Bratislava :  |b STU v Bratislave SvF,  |c 2013 
650 7 |a technika prostredia budov  |2 stusub 
650 7 |a Environmental Technology of Buildings  |2 estusub 
650 7 |a sewerage  |2 estusub 
650 7 |a wastewater  |2 estusub 
650 7 |a odkanalizovanie  |2 stusub 
650 7 |a odpadová voda  |2 stusub 
700 1 |a Peráčková, Jana,  |d 1961-  |4 ths  |u V290  |U SvF Stavebná fakulta  |T SvF Katedra technických zariadení budov  |X 2739  |U V290  |Y 31  |7 A000002739 
856 4 |a info a plný text  |u http://is.stuba.sk/zp/portal_zp.pl?podrobnosti=93741  |3 VAIS